Real analysis with point-set topology
Saved in:
| Main Author: | |
|---|---|
| Other Authors: | |
| Format: | Book |
| Language: | English |
| Published: |
New York :
M. Dekker,
c1987
|
| Series: | Monographs and textbooks in pure and applied mathematics ;
; 113 |
| Subjects: | |
| Tags: |
Add Tag
No Tags, Be the first to tag this record!
|
MARC
| LEADER | 00000cam a2200000 i 4500 | ||
|---|---|---|---|
| 001 | 1/52781 | ||
| 008 | 941103s1987 eng d | ||
| 020 | |a 0824777905 | ||
| 035 | |l 10044519 | ||
| 035 | |a 1993 | ||
| 040 | |a GR-MY-UA |b gre |e aacr | ||
| 041 | 0 | |a eng | |
| 082 | 0 | |a 515.8 | |
| 100 | 1 | |a Stancl, Donald L. | |
| 245 | 1 | 0 | |a Real analysis with point-set topology / |c Donald L. Stancl, Mildred L. Stancl |
| 246 | 3 | 3 | |a Point-set topology |
| 260 | |a New York : |b M. Dekker, |c c1987 | ||
| 300 | |a x, 287 p.; |b ill.; |c 24 cm | ||
| 490 | 1 | |a Pure and Applied Mathematics: A Series of monographs and textbooks |v ; 113 | |
| 500 | |a Includes index | ||
| 504 | |a Bibliography: p. 281-282 | ||
| 650 | 0 | 0 | |a Functions of real variables. |
| 650 | 0 | 0 | |a Mathematical analysis. |
| 650 | 0 | 0 | |a Topology. |
| 700 | 1 | |a Stancl, Mildred L. | |
| 830 | 0 | |a Monographs and textbooks in pure and applied mathematics ; |v ; 113 | |
| 852 | |a INST |b SAMOS |e 19941103 |h 515.8 STA |p 005300009505 |q 005300009505 |t BK |y 0 | ||
| 909 | |a Σ |b 030341 | ||